00764nam a2200241 a 4500001001300000003000900013005001700022008004100039020002600080082001800106100002400124245007400148260004900222300000900271500003500280505001000315650003000325700002400355902000800379942000700387952011100394999001700505nice12345678IN_TiNIC20260116013604.0050524s1992 alba grp 000 0 eng  a0791481 c747.7400a121.0917bYAZ aYazdi, Mehdi Ha`iri aPrinciples of Epistemology in Islamic Philosophyb Knowledge Presence aAlbany bState University of New York c1992 a232p aincludes index and biblioraphy2 aIndex aKnowledge-Theory of Islam1 aYazdi, Mehdi Ha`iri bSRS cBK 00104070aHMIbHMId2007-07-31g747.74l1o121.0917 YAZp015001r2018-08-17s2018-08-09w2026-01-16yEB c11566d11566